| 000 | 00637nam a22002177a 4500 | ||
|---|---|---|---|
| 003 | PILC | ||
| 005 | 20160321113308.0 | ||
| 008 | 141008b xxu||||| |||| 00| 0 eng d | ||
| 020 | _a9789814314787 | ||
| 050 |
_aG 155.A1 _b.M312 2013 |
||
| 100 | _aMancini, Marc. | ||
| 245 |
_aSelling tourist destinations : _bgeography for travel professionals / _cMarc Mancini. |
||
| 250 | _bPhilippine edition. | ||
| 260 |
_aSingapore : _bCengage Learning, _c2013. |
||
| 300 |
_a551 pages : _billustrations ; _c24 cm. |
||
| 500 | _aIncludes index. | ||
| 521 | _aTourism | ||
| 650 | _aDestinations. | ||
| 650 | _aSelling. | ||
| 942 |
_2lcc _cBK _kFOR |
||
| 999 |
_c276033 _d276033 |
||